<The> Funding of School Education Connecting Resources and Learning

Saved in:
Bibliographic Details
Format: Book
Language:English
Published: Paris OECD 2017
Series:OECD Reviews of School Resources
Subjects:
Tags: Add Tag
No Tags, Be the first to tag this record!

MARC

LEADER 00000nam a2200000 4500
001 0242606
005 20240314122939.0
020 |a 978-92-64-27613-0 
041 0 |a eng 
044 |a FR 
245 1 0 |a <The> Funding of School Education  |b Connecting Resources and Learning 
264 1 |a Paris  |b OECD  |c 2017 
300 |a 314 s. 
490 1 |a OECD Reviews of School Resources 
830 0 |a OECD Reviews of School Resources 
610 2 0 |a školstvo 
610 2 0 |a vzdelávanie 
610 2 0 |a výchova 
610 2 0 |a financovanie 
610 2 0 |a zdroje finančné 
610 2 0 |a distribúcia 
610 2 0 |a riadenie 
610 2 0 |a plánovanie 
610 2 0 |a rozpočty 
610 2 0 |a náklady na vzdelanie 
610 2 0 |a kvalita vzdelávania 
610 2 0 |a rovnováha 
610 2 0 |a efektívnosť 
610 2 0 |a zdroje ľudské 
610 2 0 |a zdroje materiálové 
610 2 0 |a ukazovatele ekonomické 
610 2 0 |a porovnanie štatistické medzinárodné